|
|
|
|
| LEADER |
00000naa2a2200000 4500 |
| 001 |
384846 |
| 005 |
20231101063312.0 |
| 035 |
|
|
|a (RuTPU)RU\TPU\prd\11984
|
| 090 |
|
|
|a 384846
|
| 100 |
|
|
|a 20030325a2003 k y0rusy50 ca
|
| 101 |
0 |
|
|a rus
|
| 102 |
|
|
|a RU
|
| 200 |
1 |
|
|a Система управления ТП производства этилена и полиэтилена на Шуртанском газо-химическом комплексе
|f Ф. Т. Адылов, Г. Г. Сабитов, Н. Н. Турапина и др.
|
| 225 |
1 |
|
|a АСУ для промышленных предприятий
|
| 461 |
|
1 |
|0 (RuTPU)RU\TPU\prd\2287
|t Промышленные АСУ и контроллеры
|o ежемесячный научно-технический производственный журнал
|d 2002-
|
| 463 |
|
1 |
|0 (RuTPU)RU\TPU\prd\11497
|t № 2
|v С. 9-12
|d 2003
|
| 610 |
1 |
|
|a системы управления
|
| 610 |
1 |
|
|a технологические процессы
|
| 610 |
1 |
|
|a этилен
|
| 610 |
1 |
|
|a полиэтилен
|
| 610 |
1 |
|
|a химические комплексы
|
| 701 |
|
1 |
|a Адылов
|b Ф. Т.
|
| 701 |
|
1 |
|a Сабитов
|b Г. Г.
|
| 701 |
|
1 |
|a Турапина
|b Н. Н.
|
| 701 |
|
1 |
|a Эшмурадов
|b У. А.
|
| 701 |
|
1 |
|a Юсупбеков
|b Н. Р.
|
| 801 |
|
1 |
|a RU
|b 63413507
|c 20030325
|g PSBO
|
| 942 |
|
|
|c BK
|